[Event "North American-ch U20"]
[Site "Kitchener"]
[Date "2015.07.29"]
[Round "6"]
[White "Zhang, Henry"]
[Black "Zotkin, Daniel"]
[Result "1/2-1/2"]
[WhiteElo "1593"]
[BlackElo "1947"]
[PlyCount "66"]
[EventDate "2015.07.26"]
[EventType "swiss"]
[EventRounds "9"]
[EventCountry "CAN"]
[SourceTitle "EXT 2019"]
[Source "ChessBase"]
[SourceDate "2018.10.10"]
[SourceVersion "1"]
[SourceVersionDate "2018.10.10"]
[SourceQuality "1"]

1. e4 c5 2. Nf3 Nc6 3. c4 d6 4. d4 cxd4 5. Nxd4 e5 6. Nc2 Nge7 7. Nc3 Ng6 8. Be2 Be7 9. 0-0 0-0 10. b4 Be6 11. Nd5 Rc8 12. Bd2 f5 13. exf5 Bxf5 14. Nce3 Be6 15. Bg4 Bxg4 16. Qxg4 Nd4 17. Bc3 Bf6 18. Nxf6+ Qxf6 19. Bxd4 exd4 20. Nd5 Qf7 21. Qxd4 Nf4 22. Rae1 Kh8 23. Nxf4 Rxc4 24. Qxd6 Rxf4 25. Re7 Qxa2 26. Rxb7 R4f6 27. Qc7 R6f7 28. Rb8 Rxc7 29. Rxf8+ Qg8 30. Rxg8+ Kxg8 31. g3 Rb7 32. Ra1 Kf7 33. Kf1 Ke6 1/2-1/2

[Event "Aurora Summer op"]
[Site "Aurora "]
[Date "2015.07.04"]
[Round "2.2"]
[White "Zotkin, Daniel"]
[Black "Zeromskis, Egidijus"]
[Result "1/2-1/2"]
[WhiteElo "1794"]
[BlackElo "2119"]
[PlyCount "68"]
[EventDate "2015.07.04"]
[EventType "swiss"]
[EventRounds "5"]
[EventCountry "CAN"]
[SourceTitle "EXT 2019"]
[Source "ChessBase"]
[SourceDate "2018.10.10"]
[SourceVersion "1"]
[SourceVersionDate "2018.10.10"]
[SourceQuality "1"]

1. e4 Nf6 2. e5 Nd5 3. c4 Nb6 4. d4 d6 5. exd6 exd6 6. Bd3 Be7 7. h3 N8d7 8. Nf3 c5 9. Be3 cxd4 10. Bxd4 Nf6 11. 0-0 0-0 12. Nc3 Be6 13. b3 h6 14. Ne4 d5 15. Nxf6+ Bxf6 16. c5 Nd7 17. b4 Rc8 18. Rc1 a6 19. c6 Rxc6 20. Rxc6 bxc6 21. Bxa6 Qa8 22. Qe2 Re8 23. Re1 Bxd4 24. Nxd4 Nf6 25. Qd3 Ne4 26. Rc1 Bd7 27. a4 Qa7 28. b5 Nc5 29. Qc2 Nxa6 30. Nxc6 Qb6 31. bxa6 Qxa6 32. Nb4 Qxa4 33. Qxa4 Bxa4 34. Nxd5 Bb3 1/2-1/2

[Event "North American-ch U20"]
[Site "Kitchener"]
[Date "2014.08.04"]
[Round "9.16"]
[White "Zotkin, Daniel"]
[Black "Nasir, Pi"]
[Result "1-0"]
[WhiteElo "1778"]
[BlackElo "1854"]
[PlyCount "137"]
[EventDate "2014.07.31"]
[EventType "swiss"]
[EventRounds "9"]
[EventCountry "CAN"]
[SourceTitle "EXT 2022"]
[Source "ChessBase"]
[SourceDate "2021.10.06"]
[SourceVersion "1"]
[SourceVersionDate "2021.10.06"]
[SourceQuality "1"]

1. e4 e6 2. d4 b6 3. Nc3 g6 4. Be3 Bg7 5. Qd2 Bb7 6. 0-0-0 a6 7. h4 b5 8. a3 h5 9. d5 exd5 10. exd5 d6 11. Bg5 Bf6 12. Re1+ Kf8 13. Nf3 Nd7 14. Bd3 Nb6 15. Nd4 Bxg5 16. hxg5 Ne7 17. Qf4 Kg8 18. Nc6 Bxc6 19. dxc6 Nxc6 20. Be4 d5 21. Rd1 Ne7 22. g4 h4 23. Qf6 Nd7 24. Qd4 c6 25. f4 Qb6 26. Qd2 a5 27. f5 Ne5 28. Bxd5 Nxd5 29. Nxd5 cxd5 30. Qxd5 Re8 31. Rde1 Qb8 32. Re3 h3 33. Rf1 Rh7 34. fxg6 Nxg6 35. Rxh3 Qe5 36. Qxe5 Nxe5 37. Re3 Nd3+ 38. Rxd3 Re5 39. Rf5 Re1+ 40. Kd2 Rg1 41. Rxb5 Rh2+ 42. Kc3 Rgg2 43. b3 Rxc2+ 44. Kd4 Rhg2 45. Rxa5 Rxg4+ 46. Ke3 Rg3+ 47. Ke4 Rg4+ 48. Kf3 Rcg2 49. Rad5 R2g3+ 50. Ke2 Rg2+ 51. Ke3 R4g3+ 52. Kd4 Rg4+ 53. Kc3 Ra2 54. a4 Kg7 55. R3d4 Rg3+ 56. Kb4 Kg6 57. a5 Rh3 58. Rd3 Rh8 59. Kb5 Rb8+ 60. Kc4 Rc8+ 61. Kb4 Rg2 62. a6 Rb8+ 63. Rb5 Rg4+ 64. Ka5 Ra8 65. Rd6+ Kg7 66. Rd7 Rg1 67. Kb6 Ra1 68. Ra5 Rb1 69. Kb7 1-0

[Event "North American-ch U20"]
[Site "Kitchener"]
[Date "2014.08.03"]
[Round "7.19"]
[White "Zhao, Yuetong Davy"]
[Black "Zotkin, Daniel"]
[Result "0-1"]
[WhiteElo "1910"]
[BlackElo "1778"]
[PlyCount "64"]
[EventDate "2014.07.31"]
[EventType "swiss"]
[EventRounds "9"]
[EventCountry "CAN"]
[SourceTitle "EXT 2022"]
[Source "ChessBase"]
[SourceDate "2021.10.06"]
[SourceVersion "1"]
[SourceVersionDate "2021.10.06"]
[SourceQuality "1"]

1. e4 c5 2. Nf3 Nc6 3. d4 cxd4 4. Nxd4 e5 5. Nb5 d6 6. N1c3 a6 7. Na3 b5 8. Nd5 Nce7 9. c4 Nxd5 10. exd5 bxc4 11. Nxc4 Nf6 12. Be3 Rb8 13. Rc1 Bf5 14. Qa4+ Bd7 15. Qd1 Be7 16. a4 0-0 17. Be2 Rb4 18. b3 Qb8 19. Rb1 Bxa4 20. Bb6 Bb5 21. Ba5 Bxc4 22. Bxc4 Rb7 23. b4 Ra7 24. 0-0 Bd8 25. Bxd8 Rxd8 26. f4 Qb6+ 27. Kh1 Rc8 28. Qe2 e4 29. Rfc1 Rac7 30. Qf1 Ng4 31. Bxa6 Nf2+ 32. Qxf2 Rxc1+ 0-1

[Event "Aurora Summer op"]
[Site "Aurora"]
[Date "2014.07.05"]
[Round "2.11"]
[White "Chen, Richard"]
[Black "Zotkin, Daniel"]
[Result "1/2-1/2"]
[WhiteElo "2071"]
[BlackElo "2200"]
[PlyCount "140"]
[EventDate "2014.07.05"]
[EventType "swiss"]
[EventRounds "5"]
[EventCountry "CAN"]
[SourceTitle "EXT 2022"]
[Source "ChessBase"]
[SourceDate "2021.10.06"]
[SourceVersion "1"]
[SourceVersionDate "2021.10.06"]
[SourceQuality "1"]

1. e4 c5 2. Nf3 Nc6 3. Bb5 d6 4. d4 cxd4 5. Qxd4 Bd7 6. Bxc6 Bxc6 7. Nc3 Nf6 8. Bg5 e5 9. Qd3 Be7 10. 0-0 0-0 11. Rfe1 Qb6 12. b3 Rfd8 13. Nh4 g6 14. Qf3 Kg7 15. Qg3 Nh5 16. Qg4 Bd7 17. Nf5+ Bxf5 18. exf5 Bxg5 19. Qxg5 h6 20. Qh4 Nf6 21. fxg6 fxg6 22. Rad1 Rac8 23. Re3 Qa5 24. Ne4 Nxe4 25. Qe7+ Kg8 26. Rxe4 Qc7 27. Qxc7 Rxc7 28. c4 Kf7 29. Rxe5 dxe5 30. Rxd8 b5 31. g3 bxc4 32. bxc4 Kf6 33. Rd6+ Kf5 34. Ra6 h5 35. Kg2 g5 36. Kf3 Rxc4 37. Rxa7 Rc3+ 38. Kg2 h4 39. a4 Rc2 40. a5 Ra2 41. a6 hxg3 42. hxg3 g4 43. Ra8 Ke4 44. a7 Ra1 45. Kh2 Ra2 46. Kg1 Ra1+ 47. Kg2 Ra2 48. Kf1 Ra1+ 49. Ke2 Ra2+ 50. Kd1 Ra1+ 51. Kc2 Ra2+ 52. Kb3 Ra6 53. Kc4 Ra1 54. Kc5 Ra2 55. Kb6 Rb2+ 56. Kc6 Rc2+ 57. Kd6 Ra2 58. Ke6 Ra6+ 59. Kf7 Kf5 60. Kg7 Kg5 61. Kh7 Kh5 62. Re8 Rxa7+ 63. Kg8 Kg6 64. Kf8 Kf6 65. Kg8 Kf5 66. Rf8+ Ke4 67. Rf6 Rb7 68. Kh8 Rb3 69. Kg7 Rf3 70. Kg6 Rc3 1/2-1/2

[Event "Aurora Fall op"]
[Site "Aurora"]
[Date "2013.10.20"]
[Round "5"]
[White "Derraugh, Geordie"]
[Black "Zotkin, Daniel"]
[Result "1-0"]
[WhiteElo "2143"]
[BlackElo "1768"]
[PlyCount "77"]
[EventDate "2013.10.19"]
[EventType "swiss"]
[EventRounds "5"]
[EventCountry "CAN"]
[SourceTitle "EXT 2014"]
[Source "ChessBase"]
[SourceDate "2013.11.20"]
[SourceVersion "1"]
[SourceVersionDate "2013.11.20"]
[SourceQuality "1"]

1. e4 c5 2. c3 d5 3. exd5 Qxd5 4. d4 cxd4 5. cxd4 Nc6 6. Nf3 e6 7. Nc3 Qd8 8. a3 Nf6 9. Bc4 Be7 10. 0-0 0-0 11. Re1 a6 12. Ba2 b5 13. Bg5 Bb7 14. Rc1 Rc8 15. Bb1 Na5 16. Qd3 g6 17. Ne5 Nc4 18. Nxc4 Rxc4 19. Rcd1 Qc7 20. Qg3 Qd7 21. Qh4 Nd5 22. Ne4 f6 23. Bh6 f5 24. Ng5 Re8 25. Qh3 Bf6 26. Nf3 Qe7 27. Qg3 Kh8 28. Ng5 Qd7 29. Qd6 Rd8 30. Rxe6 Qxd6 31. Nf7+ Kg8 32. Nxd6 Bc8 33. Nxc8 Rdxc8 34. Ba2 Rxd4 35. Rxd4 Bxd4 36. Bxd5 Kh8 37. b3 Bg7 38. Bxg7+ Kxg7 39. g3 1-0

[Event "Aurora Fall op"]
[Site "Aurora"]
[Date "2013.10.19"]
[Round "3"]
[White "Zotkin, Daniel"]
[Black "Dougherty, Michael J"]
[Result "1/2-1/2"]
[WhiteElo "1768"]
[BlackElo "2166"]
[PlyCount "67"]
[EventDate "2013.10.19"]
[EventType "swiss"]
[EventRounds "5"]
[EventCountry "CAN"]
[SourceTitle "EXT 2014"]
[Source "ChessBase"]
[SourceDate "2013.11.20"]
[SourceVersion "1"]
[SourceVersionDate "2013.11.20"]
[SourceQuality "1"]

1. e4 c5 2. Nf3 d6 3. Bb5+ Bd7 4. Bxd7+ Nxd7 5. 0-0 g6 6. c3 c4 7. b3 Ngf6 8. Re1 cxb3 9. axb3 Bg7 10. d4 0-0 11. Bf4 Qc7 12. Qc2 e5 13. Bd2 exd4 14. Nxd4 d5 15. exd5 Nxd5 16. Qe4 N7f6 17. Qf3 a6 18. Na3 Rfe8 19. c4 Nb6 20. Nac2 Nbd7 21. Bf4 Qb6 22. b4 Nh5 23. c5 Qf6 24. Qxb7 Qxf4 25. Rxe8+ Rxe8 26. Qxd7 Nf6 27. Qc6 Rd8 28. g3 Qd2 29. Qb6 Rxd4 30. Nxd4 Qxd4 31. Rxa6 Qd1+ 32. Kg2 Qd5+ 33. Kg1 Qd1+ 34. Kg2 1/2-1/2

[Event "Toronto NAYCC U12"]
[Site "Toronto"]
[Date "2013.08.17"]
[Round "7"]
[White "Zotkin, Daniel"]
[Black "Corvera Choi, Malik"]
[Result "1-0"]
[WhiteElo "1974"]
[BlackElo "1539"]
[PlyCount "50"]
[EventDate "2013.08.14"]
[EventType "swiss"]
[EventRounds "9"]
[EventCountry "CAN"]
[SourceTitle "EXT 2022"]
[Source "ChessBase"]
[SourceDate "2021.10.06"]
[SourceVersion "1"]
[SourceVersionDate "2021.10.06"]
[SourceQuality "1"]

1. e4 c5 2. Nf3 d6 3. Bb5+ Bd7 4. Bxd7+ Nxd7 5. 0-0 Ngf6 6. Re1 g6 7. c3 Bg7 8. d4 cxd4 9. cxd4 0-0 10. Nc3 a6 11. Bg5 Qc7 12. e5 dxe5 13. dxe5 Ng4 14. Nd5 Qc5 15. Nxe7+ Kh8 16. Qxd7 Qxf2+ 17. Kh1 h5 18. Qd2 Qc5 19. h3 Nf2+ 20. Kh2 Rad8 21. Nxg6+ fxg6 22. Bxd8 Re8 23. Bf6 Bxf6 24. exf6 Qc7+ 25. g3 h4 1-0

[Event "CAN-ch U12"]
[Site "Ottawa"]
[Date "2013.07.10"]
[Round "2"]
[White "Zotkin, Daniel"]
[Black "Li, William"]
[Result "1-0"]
[WhiteElo "1942"]
[BlackElo "1408"]
[PlyCount "119"]
[EventDate "2013.07.10"]
[EventType "swiss"]
[EventRounds "6"]
[EventCountry "CAN"]
[SourceTitle "EXT 2022"]
[Source "ChessBase"]
[SourceDate "2021.10.06"]
[SourceVersion "1"]
[SourceVersionDate "2021.10.06"]
[SourceQuality "1"]

1. e4 c5 2. Nf3 e6 3. d4 cxd4 4. Nxd4 Nf6 5. Bd3 d5 6. exd5 exd5 7. 0-0 Be7 8. Nc3 0-0 9. h3 Nc6 10. Be3 a6 11. Re1 Be6 12. Kh1 h6 13. f4 Re8 14. Qf3 Qd6 15. f5 Bd7 16. g4 Bd8 17. Nxc6 Bxc6 18. Bf4 Rxe1+ 19. Rxe1 Qd7 20. Kh2 d4 21. Ne4 Nxe4 22. Bxe4 Bc7 23. Kg2 Bxe4 24. Rxe4 Bxf4 25. Rxf4 Rc8 26. Qe4 Qc6 27. Qxc6 Rxc6 28. Rf2 f6 29. Kf3 Kf7 30. Rd2 g6 31. Rxd4 Rxc2 32. Rd7+ Ke8 33. Rxb7 gxf5 34. gxf5 Rc5 35. Kg4 Rc4+ 36. Kh5 Rf4 37. Kg6 Rh4 38. Rb3 Ke7 39. Re3+ Kf8 40. Kxf6 Rb4 41. Rb3 Rxb3 42. axb3 h5 43. Kg6 h4 44. Kg5 Kf7 45. Kxh4 Kf6 46. Kg4 a5 47. Kf4 Kg7 48. Ke5 Kf7 49. f6 Kf8 50. Ke6 Ke8 51. f7+ Kf8 52. h4 Kg7 53. Ke7 Kg6 54. f8Q Kh5 55. Qg7 Kxh4 56. Kf6 Kh3 57. Kf5 Kh2 58. Kf4 Kh1 59. Kf3 Kh2 60. Qg2# 1-0

[Event "Scarborough CC-ch Reserves"]
[Site "Toronto"]
[Date "2012.04.19"]
[Round "5"]
[White "Mesiti, Silvano"]
[Black "Zotkin, Daniel"]
[Result "0-1"]
[WhiteElo "1550"]
[BlackElo "1747"]
[PlyCount "71"]
[EventDate "2012.03.22"]
[EventType "swiss"]
[EventRounds "9"]
[EventCountry "CAN"]
[SourceTitle "EXT 2022"]
[Source "ChessBase"]
[SourceDate "2021.10.06"]
[SourceVersion "1"]
[SourceVersionDate "2021.10.06"]
[SourceQuality "1"]

1. e4 c5 2. Nf3 Nc6 3. Bc4 g6 4. 0-0 Bg7 5. Nc3 e6 6. d3 Nge7 7. a3 0-0 8. Bg5 a6 9. Qc1 b5 10. Ba2 Re8 11. Ne2 Qb6 12. Bd2 d5 13. exd5 Nxd5 14. Ng3 b4 15. Rb1 a5 16. Bc4 Ba6 17. Bxa6 Rxa6 18. Re1 Rea8 19. Bh6 Bh8 20. Nd2 Qc7 21. Nc4 bxa3 22. Nxa3 Rb8 23. c3 Rb3 24. Ne4 Ne5 25. Qc2 Rb8 26. Bd2 Ng4 27. Ng3 h5 28. h3 h4 29. hxg4 hxg3 30. f3 a4 31. Nc4 Qe7 32. g5 f6 33. f4 Qh7 34. Kf1 Qh1+ 35. Ke2 Qxg2+ 36. Kd1 0-1